000 01259caa a2200277 ib4500
003 SA-RiAUC
005 20250102100224.0
008 241215s2007 su g f000f0 ara c
040 _aSA-JeALM
_bara
_cSA-RiAUC
_erda
043 _aa-su---
082 0 4 _a252.5072
090 _a252.5072
_b م ع هـ
245 0 0 _aمعهد خادم الحرمين الشريفين لأبحاث الحج.
246 3 7 _aمدارات الحج والعمرة
300 _a1 صفحة
336 _aنص
_btxt
_2rdacontent
_3مقالة
337 _aبدون وسيط
_bn
_2rdamedia
338 _aمجلد
_bnc
_2rdacarrier
580 _aفي : الحج والعمرة.
610 2 7 _aمعهد خادم الحرمين الشريفين لأبحاث الحج والعمرة
_vمقالات ومحاضرات
_2aucnm
611 2 7 _aالملتقى العلمي لأبحاث الحج
_n(8 :
_d1428 هجري :
_cمكة المكرمة)
_vمقالات ومحاضرات
_2aucnm
650 7 _aالحج
_xبحوث
_xمؤتمرات
_vمقالات ومحاضرات
_2aucsh
773 0 _tالحج والعمرة / وزارة الحج.
_gسنة 62، عدد 11 (ذو القعدة 1428 هجري [2007])، صفحة 9
_x23961319
942 _2ddc
_cBOOK
_n0
949 _aSA-JeALM
_d241215
_umohamedma123
_n1
999 _c4367
_d4367